| 000 | 01425nam a22002057a 4500 | ||
|---|---|---|---|
| 003 | NALT | ||
| 005 | 20211227101350.0 | ||
| 008 | s2529 th tha d | ||
| 040 | _aNALT | ||
| 041 | _atha | ||
| 090 |
_aAD 280 _bค123อ 2529 |
||
| 110 | 2 |
_955240 _aคณะกรรมการรวบรวมและค้นคว้าเกี่ยวกับพระราชนิพนธ์ ฯลฯ ของพระบาทสมเด็จพระมงกุฎเกล้าเจ้าอยู่หัว |
|
| 245 | 1 | 0 |
_aอักขรานุกรมนามสกุลพระราชทานในพระบาทสมเด็จพระมงกุฎเกล้าเจ้าอยู่หัว / _cคณะกรรมการรวบรวมและค้นคว้าเกี่ยวกับพระราชนิพนธ์ ฯลฯ ของพระบาทสมเด็จพระมงกุฎเกล้าเจ้าอยู่หัว. |
| 260 |
_aกรุงเทพฯ : _bมูลนิธิพระบรมราชานุสรณ์ พระบาทสมเด็จพระมงกุฎเกล้าเจ้าอยู่หัว, _c2529. |
||
| 300 |
_a380 หน้า ; _b _c21x30 ซม. |
||
| 650 | 4 |
_aนามสกุล _9442 |
|
| 850 | _aNALT | ||
| 942 |
_cREF _2local |
||
| 998 |
_bSAIPHON _aphon _cphon _j104 _k สายฝน ดีงาม |
||
| 999 |
_c2089 _d2089 |
||